00373nam a22001337a 4500003000500000038001600005082001000021100001700031245006800048260003700116300003100153500001500184600004000199NUST aMr. Zahoor  a621.3 aIftikhar Ali aSampled Data Control of DC-DC Buck Converter /cIftikhar Ali aIslamabad :bCEME - NUST,c2014. axi, 47, p. : ill. ;c30cm. aHardcover. 2Electrical Engineering - MS Thesis